000 00869nam a22002417a 4500
005 20120821151726.0
008 120821t xxu||||| |||| 00| 0 eng d
010 _aENG-105592
020 _a9789350176092
_c295.00
035 _aEN-89125
037 _bDBAD/PUB
040 _aDPL
_bEng
082 _a793.31954552
100 _951282
_aBadhwar, Sneh Lata
245 _aFolk dance tradition of Punjab /
_cby Sneh Lata Badhwar
260 _aChandigarh
_bUnistar Books
_c2012
270 _aS.C.O.26-27, Sector 34A
_bChandigarh
_e160022
300 _a167p.
_c22cm(Hb)
500 _aIncludes bibliographical references
700 _951286
942 _2ddc
_cEN
_mBAD
_h793.31954552
999 _c69160
_d69160